书目信息 |
| 题名: |
大秦王朝
|
|
| 作者: | 王新龙 编著 | |
| 分册: | 下册 | |
| 出版信息: | 北京 中国戏剧出版社 2009.08 |
|
| 页数: | 4册 | |
| 开本: | 25cm | |
| 丛书名: | ||
| 单 册: | ||
| 中图分类: | K233.09 | |
| 科图分类: | ||
| 主题词: | 历史 , 秦代 , 秦代--历史--通俗读物 | |
| 电子资源: | ||
| ISBN: | 978-7-104-03050-8 | |
| 000 | 00898nam0 2200313 450 | |
| 001 | 0100140735 | |
| 005 | 20141020221551.0 | |
| 010 | @a978-7-104-03050-8@dCNY29.80 | |
| 100 | @a20091123d2009 em y0chiy50 ea | |
| 101 | 0 | @achi |
| 101 | 11 | @achi |
| 102 | @aCN@b110000 | |
| 105 | @aa z 000yy | |
| 106 | @ar | |
| 200 | 1 | @a大秦王朝@Ada qin wang chao@h下册@b专著@e图文版@f王新龙编著@Fwang xin long bian zhu |
| 210 | @a北京@c中国戏剧出版社@d2009.08 | |
| 215 | @a4册@c图@d25cm | |
| 300 | @a文化百科系列 | |
| 330 | @a本书内容包括:春秋战国的竞争和秦国的统一、秦朝治天下的政策、秦汉间的封建政体的反动、韩子悲歌等。 | |
| 517 | 1 | @a图文版 |
| 540 | @a大秦王朝 | |
| 606 | 0 | @a历史 |
| 606 | 0 | @a秦代 |
| 606 | 0 | @a秦代@x历史@j通俗读物 |
| 690 | @aK233.09@v5 | |
| 701 | 0 | @a王新龙@Awang xin long@4编著 |
| 801 | @aCN | |
| 901 | @a001 | |
| 905 | @b1103980-2@dK233.09@eW393:2@f3@a241430 | |
| 大秦王朝.下册:图文版/王新龙编著.-北京:中国戏剧出版社,2009.08 |
| 4册:图;25cm |
| 文化百科系列 |
| ISBN 978-7-104-03050-8:CNY29.80 |
| 本书内容包括:春秋战国的竞争和秦国的统一、秦朝治天下的政策、秦汉间的封建政体的反动、韩子悲歌等。 |
| ● |
| 相关链接 |
|
|
|
正题名:大秦王朝
索取号:K233.09/W393:2
 
预约/预借
| 序号 | 登录号 | 条形码 | 馆藏地/架位号 | 状态 | 备注 |
| 1 | 1103980 | 211039801 | 社科库309/309社科库 33排3列1层/ [索取号:K233.09/W393:2] | 在馆 | |
| 2 | 1103981 | 211039810 | 社科库309/309社科库 33排3列1层/ [索取号:K233.09/W393:2] | 在馆 | |
| 3 | 1103982 | 211039829 | 自科二线404/400A自科库 42排1列1层/ [索取号:K233.09/W393:2] | 在馆 |